000 005720000a22002050004500
003 LK-CoMWRAF
005 20231213130004.0
008 230817t2001 ||||| |||| 00| 0 eng d
020 _a9559764608
040 _aLK-CoMWRAF
_dLK-CoMWRAF
_eLK-CoMWRAF
041 _aeng
082 _a391
_bWIM
100 _aWimalaratne, K.D.G
245 _aCostumes of Sri Lanka
260 _as.l.
_bs.n.
_c[2001?]
300 _a xx, 140 p. : ill. (chiefly color) ; 32 cm
_bBibliography included
650 _aClothing and dress- Sri Lanka- History
700 _aGomes, Dian
942 _cBK
999 _c475
_d475